000 00571nam a2200205 i 4500
001 14243
003 ES-MaACL
005 20230906150744.0
007 t|
008 981119s1990 xxu |||| | eng d
020 _a0-674-93485-7
080 _a82.09
100 1 _aMiller, J. Hillis.
_981217
245 1 0 _aVersions of Pygmalion /
_cJ. Hillis Miller.
260 _aHarvard :
_bUniversity Press,
_c1990.
300 _aIX, 263 p. ;
_c24 cm.
650 1 4 _aMetamorfosis-
_xEn la literatura.
_9169404
650 _aCrítica literaria.
_911448
852 _aES-MaACL
_jL-21491
999 _c14243
_d14243